[Event "AUTO-OPEN-4287"]
[Site "http://www.queenalice.com/game.php?id=1762906"]
[Date "2021.6.24"]
[Round "1"]
[White "rich"]
[Black "DWGM9"]
[Result "0-1"]
[WhiteElo "1977"]
[BlackElo "1917"]

1. e4 c5 2. Nf3 d6 3. d4 cxd4 4. Nxd4 Nf6 5. Nc3 a6 6. f3 e5 7. Nb3 Be7 8. Be3
Nbd7 9. Be2 O-O 10. O-O b5 11. a3 Bb7 12. Qd2 Qc7 13. Rad1 Rac8 14. g4 Kh8 15.
g5 Nh5 16. Bd3 f6 17. h4 Nb6 18. Kg2 Nc4 19. Bxc4 bxc4 20. Nc1 fxg5 21. hxg5
Nf4+ 22. Bxf4 exf4 23. g6 h6 24. N1e2 d5 25. exd5 Rf6 26. Kh1 Qe5 27. Rf2 Qh5+
28. Rh2 Qxf3+ 29. Rg2 Rxg6 30. Nxf4 Rxg2 0-1

[Event "AUTO-INT-3681"]
[Site "http://www.queenalice.com/game.php?id=1762927"]
[Date "2021.6.24"]
[Round "1"]
[White "zecafernandes"]
[Black "DWGM9"]
[Result "0-1"]
[WhiteElo "1295"]
[BlackElo "1737"]

1. e4 c5 2. c3 Nc6 3. Nf3 e6 4. d4 cxd4 5. cxd4 Bb4+ 6. Nc3 Nge7 7. a3 Bxc3+ 8.
bxc3 d5 9. Ng5 h6 10. Nxf7 Kxf7 11. Qf3+ Ke8 12. e5 Qa5 13. Be2 Nxd4 14. Qg3
Nxe2 15. Kxe2 Nf5 16. Qg6+ Ke7 17. Bd2 Qb5+ 18. Kd1 Qa4+ 19. Ke2 Qe4+ 20. Kd1
Bd7 21. Re1 Ba4+ 0-1

[Event "AUTO-INT-3681"]
[Site "http://www.queenalice.com/game.php?id=1762928"]
[Date "2021.6.24"]
[Round "1"]
[White "DWGM9"]
[Black "zecafernandes"]
[Result "1-0"]
[WhiteElo "1735"]
[BlackElo "1297"]

1. d4 d5 2. c4 h6 3. e3 Nf6 4. Nf3 Ne4 5. Nc3 Bf5 6. Bd3 dxc4 7. Bxe4 Bg6 8. Ne5
f5 9. Nxg6 Rg8 10. Qa4+ c6 11. Qxc4 Kd7 12. Bxf5+ e6 13. Bxe6+ Kc7 14. Bxg8 Bd6
15. Nd5+ Kd7 16. Be6+ Kxe6 17. Nc7+ Kf6 18. Qe6+ Kg5 19. h4+ Kh5 20. g4# 1-0

[Event "AUTO-INT-3681"]
[Site "http://www.queenalice.com/game.php?id=1762939"]
[Date "2021.6.24"]
[Round "1"]
[White "saturnin"]
[Black "DWGM9"]
[Result "0-1"]
[WhiteElo "1469"]
[BlackElo "1656"]

1. d4 Nf6 2. c4 e6 3. e3 Bb4+ 4. Nd2 c5 5. a3 Bxd2+ 6. Qxd2 cxd4 7. Qxd4 Nc6 8.
Qd3 O-O 9. b4 d5 10. b5 Ne5 11. Qc3 Qc7 12. c5 Ne4 13. Qb4 Nxc5 14. Bb2 Ncd3+
0-1

[Event "AUTO-INT-3681"]
[Site "http://www.queenalice.com/game.php?id=1762940"]
[Date "2021.6.24"]
[Round "1"]
[White "DWGM9"]
[Black "saturnin"]
[Result "1-0"]
[WhiteElo "1681"]
[BlackElo "1508"]

1. d4 d5 2. c4 dxc4 3. e3 b5 4. a4 bxa4 5. Bxc4 Bd7 6. Nc3 e6 7. Nf3 Bb4 8. O-O
a5 9. Nxa4 Nf6 10. Bd2 Bd6 11. Nc3 c6 12. e4 Bc7 13. e5 Nd5 14. Bxd5 cxd5 15.
Bg5 Qc8 16. Qd2 O-O 17. Rac1 Qb7 18. Bf6 gxf6 19. exf6 Kh8 20. Qh6 Bf4 21. Qg7#
1-0

[Event "AUTO-INT-3681"]
[Site "http://www.queenalice.com/game.php?id=1762947"]
[Date "2021.6.24"]
[Round "1"]
[White "DWGM9"]
[Black "Givanildo"]
[Result "1-0"]
[WhiteElo "1665"]
[BlackElo "1655"]

1. d4 d5 2. c4 dxc4 3. e3 h5 4. Bxc4 Bg4 5. Ne2 e6 6. f3 Bf5 7. e4 Bg6 8. Be3
Bb4+ 9. Nbc3 c6 10. a3 Ba5 11. Qb3 b5 12. Bd3 Bb6 13. O-O-O Ne7 14. Nf4 Bh7 15.
Rhe1 Nd7 16. Nxh5 O-O 17. Qc2 Nf6 18. Nxf6+ gxf6 19. Qf2 Ng6 20. h4 a6 21. h5
Ne7 22. Bh6 Bc7 23. Qh4 Ng6 24. hxg6 fxg6 25. Rh1 Rf7 26. Be3 Qb8 27. e5 f5 28.
Bg5 c5 29. d5 Bxe5 30. dxe6 Rg7 31. Nd5 Bxb2+ 32. Kb1 Qd6 33. Bxf5 gxf5 34. Ne7+
Qxe7 35. Bxe7 Re8 36. Rd8 f4+ 37. Kxb2 Rxg2+ 38. Ka1 Bg6 39. Qh8# 1-0

[Event "AUTO-INT-3681"]
[Site "http://www.queenalice.com/game.php?id=1762948"]
[Date "2021.6.24"]
[Round "1"]
[White "Givanildo"]
[Black "DWGM9"]
[Result "0-1"]
[WhiteElo "1277"]
[BlackElo "1779"]

1. d4 Nf6 2. h3 e6 3. Bg5 Be7 4. e3 d5 5. Bb5+ Bd7 6. Bxd7+ Nbxd7 7. Ne2 Ne4 8.
Bf4 Bd6 9. O-O Qe7 10. Bxd6 Qxd6 11. Nbc3 Nxc3 12. Nxc3 c6 13. e4 dxe4 14. Nxe4
Qf4 15. Ng3 Nf6 16. Ne2 Qf5 17. Qc1 O-O-O 18. Ng3 Qd5 19. Qf4 Qxd4 20. Qxd4 Rxd4
21. Ne2 Rd2 22. Nc3 Rxc2 23. a4 Rxb2 24. Rfc1 a6 25. a5 Rd8 26. Na4 Re2 27. Nb6+
Kb8 28. Rab1 Rdd2 29. Nc4 Rc2 30. Rxc2 Rxc2 31. Nd6 Kc7 32. Nxb7 Ne4 33. Rb6 Nc5
34. Nxc5 Rxc5 35. Rxa6 Rb5 36. Ra7+ Rb7 37. Ra8 c5 38. a6 Rb1+ 39. Kh2 Rb8 40.
Ra7+ Kb6 41. Rxf7 Kxa6 42. Rxg7 c4 43. Re7 Kb5 44. Rxe6 c3 45. Re7 Kb4 46. Re4+
Kb3 47. Re3 Kb2 0-1

[Event "Challenge"]
[Site "http://www.queenalice.com/game.php?id=1764710"]
[Date "2021.7.19"]
[Round "-"]
[White "MADMIKE"]
[Black "DWGM9"]
[Result "0-1"]
[WhiteElo "1855"]
[BlackElo "1781"]

1. d4 Nf6 2. d5 c5 3. Nc3 d6 4. e4 e6 5. dxe6 Bxe6 6. h3 a6 7. Nf3 Nc6 8. Be2
Be7 9. O-O O-O 10. Bg5 b5 11. Nd5 Bxd5 12. exd5 Ne5 13. Nxe5 dxe5 14. c3 Ra7 15.
f3 Nxd5 16. Bxe7 Nxe7 17. Qc2 Qb6 18. Kh1 Rd8 19. f4 Rad7 20. fxe5 Rd2 21. Qe4
Qg6 22. Qxg6 Nxg6 23. Bf3 Nxe5 24. Bb7 a5 25. b3 Nd3 26. Ba6 b4 27. Bxd3 R8xd3
28. c4 Re2 29. Rg1 Rdd2 30. Kh2 f5 31. Kg3 g5 32. h4 f4+ 33. Kg4 Rxg2+ 34. Rxg2
Rxg2+ 35. Kf5 gxh4 36. Kxf4 h3 37. Kf3 Rc2 38. Kg3 h2 39. Rh1 Rxa2 40. Rxh2 Rxh2
41. Kxh2 a4 0-1

[Event "Challenge"]
[Site "http://www.queenalice.com/game.php?id=1764711"]
[Date "2021.7.19"]
[Round "-"]
[White "DWGM9"]
[Black "MADMIKE"]
[Result "1-0"]
[WhiteElo "1759"]
[BlackElo "1871"]

1. d4 d5 2. c4 e6 3. e3 Nf6 4. Nf3 Nc6 5. a3 Be7 6. cxd5 exd5 7. Bb5 a6 8. Bxc6+
bxc6 9. Ne5 O-O 10. Nxc6 Qd6 11. Nxe7+ Qxe7 12. Nc3 Rb8 13. f3 c5 14. O-O c4 15.
Re1 h6 16. e4 dxe4 17. Nxe4 Nxe4 18. Rxe4 Qf6 19. Bf4 Rxb2 20. Qc1 Rb6 21. d5 c3
22. Be5 Qg6 23. Qxc3 Rb5 24. d6 Bd7 25. Qc7 Bf5 26. d7 Rd5 27. Rd4 Bh3 28. g4
Qc2 29. Qxc2 1-0

[Event "AUTO-ADV-4526"]
[Site "http://www.queenalice.com/game.php?id=1766166"]
[Date "2021.8.5"]
[Round "1"]
[White "drup"]
[Black "DWGM9"]
[Result "1-0"]
[WhiteElo "2077"]
[BlackElo "1907"]

1. e4 c5 2. Nf3 d6 3. Bb5+ Bd7 4. Bxd7+ Nxd7 5. O-O Ngf6 6. Nc3 a6 7. a4 g6 8.
d4 cxd4 9. Nxd4 Bg7 10. Qe2 O-O 11. Rd1 e5 12. Nf3 Qc7 13. Be3 Rac8 14. a5 Nc5
15. Bg5 Qc6 16. Qd2 Ncxe4 17. Nxe4 Nxe4 18. Qb4 Nxg5 19. Nxg5 h6 20. Nf3 Rfd8
21. c3 d5 22. Rd2 Rd7 23. Rad1 Rcd8 24. Ne1 e4 25. Nc2 f5 26. Qb3 Kh7 27. g3 Qc5
28. Ne3 d4 29. cxd4 Qxa5 30. d5 h5 31. Ng2 Bh6 32. Ne3 Bxe3 33. fxe3 1-0

[Event "AUTO-ADV-4526"]
[Site "http://www.queenalice.com/game.php?id=1766167"]
[Date "2021.8.5"]
[Round "1"]
[White "DWGM9"]
[Black "drup"]
[Result "0-1"]
[WhiteElo "1929"]
[BlackElo "2025"]

1. d4 g6 2. c4 Bg7 3. Nc3 e6 4. e4 Ne7 5. Nf3 d5 6. e5 Nbc6 7. Bg5 h6 8. Bxe7
Nxe7 9. cxd5 Nxd5 10. Nxd5 exd5 11. Be2 c6 12. O-O Qb6 13. Rb1 Bf5 14. Bd3 Bg4
15. Be2 Bf5 16. Bd3 Bg4 17. h3 Bxf3 18. Qxf3 Qxd4 19. Rfe1 O-O 20. Qg3 Rae8 21.
e6 Rxe6 22. Rxe6 fxe6 0-1

[Event "AUTO-ADV-4526"]
[Site "http://www.queenalice.com/game.php?id=1766182"]
[Date "2021.8.5"]
[Round "1"]
[White "holandes"]
[Black "DWGM9"]
[Result "0-1"]
[WhiteElo "1828"]
[BlackElo "1861"]

1. e4 c5 2. Bc4 e6 3. a3 d5 4. exd5 exd5 5. Qe2+ Be6 6. Bb3 Nc6 7. c3 Nf6 8. d3
Be7 9. h3 O-O 10. Nf3 Qc7 11. Nbd2 Rfe8 12. O-O Bd6 13. Qd1 b5 14. Re1 c4 15.
dxc4 dxc4 16. Bc2 Bd5 17. Re2 Rxe2 18. Qxe2 Re8 19. Qd1 a5 20. g3 Bxg3 21. fxg3
Qxg3+ 22. Kf1 Qxh3+ 23. Kf2 Ng4+ 24. Kg1 Qg3+ 25. Kf1 Qf2# 0-1

[Event "AUTO-ADV-4526"]
[Site "http://www.queenalice.com/game.php?id=1766183"]
[Date "2021.8.5"]
[Round "1"]
[White "DWGM9"]
[Black "holandes"]
[Result "1-0"]
[WhiteElo "1876"]
[BlackElo "1773"]

1. d4 d5 2. c4 c6 3. Nc3 Bf5 4. Qb3 Qd7 5. cxd5 cxd5 6. Qxd5 Nf6 7. Qxd7+ Nfxd7
8. e4 Bg6 9. Nf3 h6 10. Be2 e6 11. O-O Bb4 12. e5 O-O 13. a3 Ba5 14. b4 Bb6 15.
Bb2 a6 16. Rac1 Nc6 17. Rfd1 Rfd8 18. Na4 Ba7 19. Nc5 Rab8 20. Nxa6 Nxd4 21.
Bxd4 bxa6 22. Bxa7 Rb7 23. Bc5 Be4 24. Rd6 Rc8 25. Nd4 Rbc7 26. Bxa6 Bb7 27.
Bxb7 Rxb7 28. f4 g5 29. g3 gxf4 30. gxf4 Kg7 31. Nb3 Nxc5 32. Rxc5 Rbc7 33. Rxc7
Rxc7 34. Nc5 Kg6 35. a4 Kf5 36. Rd4 h5 37. a5 Kg4 38. a6 Kf3 39. Rd7 1-0

[Event "AUTO-ADV-4526"]
[Site "http://www.queenalice.com/game.php?id=1766194"]
[Date "2021.8.5"]
[Round "1"]
[White "DWGM9"]
[Black "Rafale2000"]
[Result "1-0"]
[WhiteElo "1888"]
[BlackElo "2038"]

1. d4 Nf6 2. c4 c5 3. d5 b5 4. cxb5 a6 5. bxa6 Bxa6 6. Nc3 g6 7. g3 d6 8. Bg2
Bg7 9. Nf3 O-O 10. O-O Nbd7 11. Re1 Qc7 12. e4 Rfb8 13. Qc2 Ng4 14. h3 Nge5 15.
Nxe5 Bxe5 16. Be3 c4 17. f4 Bg7 18. Qf2 Bc8 19. a4 Nc5 20. Bxc5 Qxc5 21. Qxc5
dxc5 22. e5 Ra6 23. Re2 Bf5 24. Ne4 Bxe4 25. Bxe4 Rb3 26. Kg2 Rb4 27. Ra2 Raxa4
28. Rxa4 Rxa4 29. d6 exd6 30. exd6 Ra7 31. Bc6 Ra6 32. d7 Bf6 33. Bb5 Rd6 34.
Re8+ Kg7 35. g4 h6 36. Kf3 g5 37. f5 Rd3+ 38. Ke2 Rd4 39. Ra8 Kh7 40. Ra4 Re4+
41. Kf3 Rf4+ 42. Ke3 Rd4 43. Rxc4 Rd5 44. Ke4 Re5+ 45. Kd3 Rd5+ 46. Kc2 Re5 47.
Kb3 Re2 48. Rxc5 Rxb2+ 49. Kc4 Rc2+ 50. Kd5 Rd2+ 51. Kc6 Kg8 52. Kc7 Kf8 53. Kc8
Be7 54. Rc6 f6 55. Kc7 Rd1 56. Ra6 Rc1+ 57. Bc6 Rd1 58. Ra8+ Kg7 59. d8=Q Bxd8+
60. Rxd8 Rc1 61. Rd7+ Kg8 62. Kd6 Re1 63. Bd5+ Kh8 64. Rf7 Re3 65. Rxf6 Rxh3 66.
Ke7 h5 67. Kf7 Rd3 68. Kf8 h4 69. Rh6# 1-0

[Event "AUTO-ADV-4526"]
[Site "http://www.queenalice.com/game.php?id=1766195"]
[Date "2021.8.5"]
[Round "1"]
[White "Rafale2000"]
[Black "DWGM9"]
[Result "1-0"]
[WhiteElo "2049"]
[BlackElo "1854"]

1. e4 c5 2. Nf3 d6 3. d4 cxd4 4. Nxd4 Nf6 5. Nc3 a6 6. Bc4 b5 7. Bd5 Nxd5 8.
Nxd5 e6 9. Nb4 Bb7 10. Qe2 Be7 11. O-O O-O 12. Bd2 Qb6 13. Be3 Qc7 14. f3 Nc6
15. Nbxc6 Bxc6 16. Nxc6 Qxc6 17. Rac1 Rac8 18. Rfd1 Rfd8 19. Rd3 Bf6 20. c3 d5
21. exd5 exd5 22. Bd4 Re8 23. Qd2 Bxd4+ 24. Rxd4 Rcd8 25. Re1 Re6 26. Rxe6 fxe6
27. Qd3 e5 28. Rh4 Qc5+ 29. Kf1 Qc4 30. Rxc4 bxc4 31. Qf5 1-0

[Event "AUTO-ADV-4513"]
[Site "http://www.queenalice.com/game.php?id=1768486"]
[Date "2021.9.1"]
[Round "2"]
[White "DWGM9"]
[Black "steinie"]
[Result "0-1"]
[WhiteElo "1896"]
[BlackElo "2301"]

1. d4 Nf6 2. c4 g6 3. Nc3 Bg7 4. e4 d6 5. f3 e5 6. dxe5 dxe5 7. Qxd8+ Kxd8 8.
Bg5 h6 9. Bxf6+ Bxf6 10. O-O-O+ Bd7 11. h4 Kc8 12. Nd5 Bd8 13. g3 c6 14. Nb4 Bb6
15. Nd3 Be3+ 16. Kc2 f6 17. Re1 Bd4 18. Ne2 Be8 19. Nxd4 exd4 20. f4 Bf7 21. e5
Bxc4 22. exf6 Rf8 23. Bh3+ Kc7 24. Re7+ Kb6 25. Ne5 Bxa2 26. b3 Rxf6 0-1

[Event "AUTO-ADV-4513"]
[Site "http://www.queenalice.com/game.php?id=1768487"]
[Date "2021.9.1"]
[Round "2"]
[White "steinie"]
[Black "DWGM9"]
[Result "1-0"]
[WhiteElo "2288"]
[BlackElo "1898"]

1. e4 c5 2. Nf3 d6 3. Bb5+ Bd7 4. Bxd7+ Nxd7 5. O-O Ngf6 6. Re1 e5 7. Nc3 Be7 8.
d3 a6 9. Bg5 h6 10. Bxf6 Nxf6 11. Nd2 O-O 12. Nc4 b5 13. Ne3 Rb8 14. a4 b4 15.
Ncd5 Nxd5 16. Nxd5 Qd7 17. Re3 Bg5 18. Re1 f5 19. Re2 a5 20. Kf1 f4 21. f3 Bh4
22. Rd2 Rf7 23. Kg1 Bf6 24. Re2 g5 25. Qe1 h5 26. c3 g4 27. Nxf6+ 1-0

[Event "AUTO-ADV-4513"]
[Site "http://www.queenalice.com/game.php?id=1768488"]
[Date "2021.9.1"]
[Round "2"]
[White "DWGM9"]
[Black "chessman"]
[Result "1-0"]
[WhiteElo "1911"]
[BlackElo "1968"]

1. d4 d5 2. c4 c6 3. Nc3 e6 4. Nf3 Nf6 5. Bg5 Be7 6. e3 O-O 7. Bd3 Re8 8. O-O
Nbd7 9. Qc2 a6 10. Rac1 Nf8 11. Ne5 dxc4 12. Bxc4 Bd7 13. Rfd1 Qc7 14. Ne2 Rec8
15. Bd3 h6 16. Bf4 Qd8 17. a3 Nh5 18. Qb3 Nxf4 19. Nxf4 Be8 20. Be2 Qc7 21. Bf3
Bd7 22. Nc4 Bd8 23. g3 Rab8 24. Qc2 Be7 25. b4 Nh7 26. h4 f5 27. Ne5 Nf6 28. Qb3
Nd5 29. Nxd5 exd5 30. Bxd5+ Kh7 31. Bf7 Be8 32. Be6 Rd8 33. Bxf5+ Kh8 34. Nf7+
Bxf7 35. Qxf7 Qd6 36. Qg6 Qxg6 37. Bxg6 Bf6 38. Rc2 Kg8 39. Rcd2 Kf8 40. e4 a5
41. e5 Be7 42. bxa5 Bxa3 43. Rd3 Bb4 44. d5 Bxa5 45. d6 Bb4 46. e6 Bxd6 47. Rxd6
Rxd6 48. Rxd6 1-0

[Event "AUTO-ADV-4513"]
[Site "http://www.queenalice.com/game.php?id=1768489"]
[Date "2021.9.1"]
[Round "2"]
[White "chessman"]
[Black "DWGM9"]
[Result "1/2-1/2"]
[WhiteElo "1928"]
[BlackElo "1910"]

1. e4 c5 2. Nf3 d6 3. Bb5+ Bd7 4. Bxd7+ Nxd7 5. O-O Ngf6 6. Re1 e5 7. c3 Be7 8.
d4 cxd4 9. cxd4 O-O 10. Nc3 a6 11. h3 Rc8 12. Bg5 b5 13. a3 h6 14. Bh4 Re8 15.
dxe5 dxe5 16. Qe2 Qc7 17. Rad1 b4 18. axb4 Bxb4 19. Qxa6 Bxc3 20. bxc3 Qxc3 21.
Qd6 Rc6 22. Qd3 Qxd3 23. Rxd3 Ra6 24. Red1 Nc5 25. Re3 Nfxe4 26. Rde1 g5 27. Bg3
Nxg3 28. fxg3 f6 29. g4 Rea8 30. h4 Ra1 31. hxg5 Rxe1+ 32. Rxe1 hxg5 33. Nxg5
Ra4 34. Nf3 Rxg4 35. Nxe5 fxe5 36. Rxe5 Ne4 37. Re7 Kf8 38. Ra7 Ke8 1/2-1/2

[Event "AUTO-OPEN-4287"]
[Site "http://www.queenalice.com/game.php?id=1776534"]
[Date "2021.12.8"]
[Round "2"]
[White "zhiii00"]
[Black "DWGM9"]
[Result "1-0"]
[WhiteElo "2244"]
[BlackElo "1910"]

1. e4 c5 2. Nf3 d6 3. d4 cxd4 4. Nxd4 Nf6 5. Nc3 a6 6. Bg5 e6 7. f4 Nbd7 8. Qf3
Qb6 9. O-O-O Be7 10. Bc4 O-O 11. g4 h6 12. Bxf6 Bxf6 13. Nde2 1-0

[Event "AUTO-OPEN-4287"]
[Site "http://www.queenalice.com/game.php?id=1776535"]
[Date "2021.12.8"]
[Round "2"]
[White "DWGM9"]
[Black "zhiii00"]
[Result "0-1"]
[WhiteElo "1913"]
[BlackElo "2242"]

1. d4 Nf6 2. c4 g6 3. Nc3 d5 4. cxd5 Nxd5 5. e4 Nxc3 6. bxc3 Bg7 7. Nf3 c5 8.
Be3 Qa5 9. Qd2 Nc6 10. Be2 cxd4 11. cxd4 Qxd2+ 12. Kxd2 Bd7 13. Rab1 Na5 0-1